| 000 | 01316nam a2200325 a 4500 | ||
|---|---|---|---|
| 001 | 000113039 | ||
| 003 | CHAP | ||
| 005 | 20220329144334.0 | ||
| 008 | 170328s2016 mx sm |||||||spa d | ||
| 010 | _a109500 | ||
| 011 | _a110472 | ||
| 040 | _cCHAP | ||
| 090 | _aTesis | ||
| 100 | 1 |
_aRangel Zepeda, María Guadalupe _9131809 |
|
| 245 | 1 | 0 |
_aDos técnicas para medir la pigmentación en piel de pollos de engorda alimentados con aceite de orégano o romero en la dieta _h[En línea] _cpor María Guadalupe Rangel Zepeda. |
| 260 |
_aChapingo, Méx. : _bEl autor, _c2016. |
||
| 500 | _aPara ver el contenido del material haga clic en la liga | ||
| 502 | _aTesis (Ing. Agr. Esp. en Zootecnia) -- UACH. Departamento de Enseñanza Investigación y Servicio en Zootecnia | ||
| 590 |
_aE11695DGD _b10 _c20170329 _lUCH01 _h0843 |
||
| 590 |
_aE5765TAJ _b05 _c20170328 _lUCH01 _h0900 |
||
| 590 |
_aE5765TAJ _b05 _c20170328 _lUCH01 _h0901 |
||
| 650 | 1 | 4 |
_aAceites vegetales _xAnálisis. _9458 |
| 650 | 1 | 4 |
_aPollos de engorde _xEfecto de aceite de oregano. _9131811 |
| 650 | 1 | 4 |
_aPollos de engorde _xEfecto de aceite de romero. _9131812 |
| 650 | 1 | 4 |
_aPollos de engorde _xPigmentación. _9131810 |
| 856 |
_aFinding aid _uhttp://10.13.5.2/tesis/sist113039.pdf _zTeclea aquí |
||
| 901 | _aBK | ||
| 942 | _cTESIS | ||
| 942 | _n0 | ||
| 999 |
_c109500 _d109500 |
||